Serie A Mannschaften 2024-25 - Statistiken

Allgemein
  • Dieses Quiz wurde 102 mal gespielt
  • Das Durchschnittsergebnis liegt bei 13 aus 20
Antwortstatistiken
Mannschaften % Korrekt
Inter Milan
100%
Juventus FC
99%
AC Milan
94%
AS Roma
92%
SSC Napoli
90%
SS Lazio
89%
Atalanta BC
82%
Bologna FC 1909
76%
Torino FC
64%
Udinese Calcio
62%
Como 1907
61%
AFC Fiorentina
59%
Hellas Verona FC
57%
AC Monza
50%
Genoa CFC
46%
Parma Calcio 1913
44%
Venezia FC
44%
US Lecce
43%
Empoli FC
42%
Cagliari Calcio
27%
Keine übereinstimmenden Quizze gefunden
Verteilung der Resultate
Anzahl Personen mit jedem Resultat
Perzentil nach korrekt beantworteten Fragen
Ihre Resultats-Entwicklung
Sie haben dieses Quiz noch nicht gespielt